[Event "AUTO-INT-3947"]
[Site "http://www.queenalice.com/game.php?id=1864158"]
[Date "2025.10.13"]
[Round "1"]
[White "Ruusgugg"]
[Black "AndreTheFrog"]
[Result "0-1"]
[WhiteElo "1476"]
[BlackElo "1653"]

1. g4 e5 2. h4 d5 3. e3 Nc6 4. c4 Nf6 5. g5 Bg4 6. Be2 Bxe2 7. Qxe2 Bc5 8. d4
Bb4+ 9. Nc3 Ne4 10. Qf3 Nxc3 11. a3 e4 12. Qf4 Ne2+ 13. Kxe2 Bd6 14. Qg4 O-O 15.
h5 f5 16. Qg2 f4 17. cxd5 f3+ 18. Nxf3 exf3+ 19. Qxf3 Rxf3 20. Kxf3 Qxg5 21. e4
Rf8+ 22. Ke2 Nxd4+ 23. Kf1 Rxf2+ 24. Kxf2 Qg3+ 25. Kf1 Qf3+ 0-1

[Event "AUTO-INT-3947"]
[Site "http://www.queenalice.com/game.php?id=1864159"]
[Date "2025.10.13"]
[Round "1"]
[White "AndreTheFrog"]
[Black "Ruusgugg"]
[Result "1-0"]
[WhiteElo "1693"]
[BlackElo "1354"]

1. e4 g5 2. d4 e6 3. a3 d5 4. Nc3 c5 5. Nf3 g4 6. Bg5 Qb6 7. Bb5+ Nd7 8. Nd2 a6
9. dxc5 Qxc5 10. Be3 d4 11. Bxd7+ Bxd7 12. Nb3 Qc7 13. Bxd4 f6 14. Qxg4 O-O-O
15. O-O e5 16. Nd5 Qd6 17. Nb6+ Kb8 18. Nxd7+ Rxd7 19. Bc5 Qc6 20. Bxf8 Rd2 21.
Nxd2 Qxc2 22. Rac1 Qxd2 23. Qc8+ Ka7 24. Bc5+ b6 25. Bxb6+ Kxb6 26. Qb8+ Ka5 27.
Rc5+ Ka4 28. b3+ Kxa3 29. Ra5+ Kb2 30. Rfa1 Qf4 31. R5a2+ Kc3 32. Qc8+ Kxb3 33.
Qc2+ Kb4 34. Rb1# 1-0

[Event "AUTO-INT-3948"]
[Site "http://www.queenalice.com/game.php?id=1864443"]
[Date "2025.10.19"]
[Round "1"]
[White "Ruusgugg"]
[Black "game"]
[Result "0-1"]
[WhiteElo "1400"]
[BlackElo "1633"]

1. c4 c5 2. d4 d5 3. cxd5 Qxd5 4. Nc3 Qc6 5. d5 Qf6 6. Ne4 Qe5 7. Nxc5 Nd7 8.
Nf3 Qd6 9. Nxd7 Bxd7 10. e4 e5 11. Ng5 Nh6 12. g3 Qf6 13. h4 Ng4 14. Nf3 Rd8 15.
Bg5 Qb6 16. Bxd8 Qxf2# 0-1

[Event "AUTO-INT-3948"]
[Site "http://www.queenalice.com/game.php?id=1864444"]
[Date "2025.10.19"]
[Round "1"]
[White "game"]
[Black "Ruusgugg"]
[Result "1-0"]
[WhiteElo "1627"]
[BlackElo "1382"]

1. e4 Nc6 2. Nf3 d6 3. Ng5 Nh6 4. Bc4 Ne5 5. d3 Nxc4 6. dxc4 f6 7. Nf3 Ng4 8.
O-O Ne5 9. Nxe5 fxe5 10. Nc3 a5 11. Bd2 Be6 12. Qe2 h5 13. Nb5 c6 14. Na3 Ra6
15. f4 Bg4 16. Qe3 Rb6 17. Bxa5 Qd7 18. Bxb6 exf4 19. Qxf4 Rh6 20. Qxf8# 1-0

[Event "AUTO-INT-3948"]
[Site "http://www.queenalice.com/game.php?id=1864447"]
[Date "2025.10.19"]
[Round "1"]
[White "Ruusgugg"]
[Black "renet54"]
[Result "1-0"]
[WhiteElo "1489"]
[BlackElo "1605"]

1. c4 e5 2. d4 exd4 3. Qxd4 Nc6 4. Qf4 Bd6 5. Qg4 Qf6 6. h4 Nh6 7. Qe4+ Be5 8.
g4 O-O 9. g5 Qe6 10. gxh6 Bc3+ 11. Nxc3 Ne5 12. hxg7 Re8 13. Nf3 Nxf3+ 14. Qxf3
Qxc4 15. e3 Qe6 16. Bd3 Rb8 17. Qh5 h6 18. Rg1 Re7 19. e4 b6 20. Bxh6 Bb7 21.
O-O-O Qf6 22. Bf4 Qxf4+ 23. Kb1 Bxe4 24. Qh8# 1-0

[Event "AUTO-INT-3948"]
[Site "http://www.queenalice.com/game.php?id=1864448"]
[Date "2025.10.19"]
[Round "1"]
[White "renet54"]
[Black "Ruusgugg"]
[Result "1-0"]
[WhiteElo "1571"]
[BlackElo "1526"]

1. d4 f5 2. Nf3 b5 3. Bf4 Bb7 4. e3 b4 5. Bd3 e6 6. O-O Qf6 7. c3 a5 8. cxb4
axb4 9. Bxc7 d6 10. Bb5+ Nd7 11. Nbd2 Qg6 12. Bd3 Ngf6 13. Bb5 Ra5 14. Qe2 e5
15. dxe5 f4 16. exf6 Qxf6 17. exf4+ Be7 18. Bxd7+ Kxd7 19. Bxa5 Qxb2 20. Nc4 Qc3
21. Rac1 Qf6 22. Nb6+ Ke8 23. Qb5+ Kf7 24. Rc7 Bxf3 25. Qc4+ Qe6 26. Qxe6+ Kxe6
27. Re1+ Kf7 28. Rexe7+ Kf6 29. gxf3 Kf5 30. Rf7+ 1-0

[Event "AUTO-INT-3950"]
[Site "http://www.queenalice.com/game.php?id=1865200"]
[Date "2025.11.4"]
[Round "1"]
[White "Ruusgugg"]
[Black "mdfran72"]
[Result "1-0"]
[WhiteElo "1340"]
[BlackElo "1641"]

1. g4 g6 2. c3 Bg7 3. h4 e6 4. g5 Ne7 5. h5 h6 6. d4 hxg5 7. Bxg5 Rxh5 8. f4
Rxh1 9. Nf3 f6 10. Bh4 Nf5 11. Bf2 d5 12. e3 Bd7 13. Qb3 b6 14. Nbd2 Nc6 15.
O-O-O Rh8 16. e4 Qe7 17. exf5 gxf5 18. Nh4 O-O-O 19. Ng6 Qf7 20. Nxh8 Rxh8 21.
Ba6+ Kb8 22. c4 Na5 23. Qb4 Bh6 24. Rh1 Qg7 25. cxd5 exd5 26. Qc3 Bxf4 27. Qf3
Rxh1+ 28. Kc2 Ba4+ 29. b3 Bxb3+ 30. Nxb3 c6 31. Qxf4+ Qc7 32. Qe3 b5 33. Qe8+
Qd8 34. Qxd8# 1-0

[Event "AUTO-INT-3950"]
[Site "http://www.queenalice.com/game.php?id=1865201"]
[Date "2025.11.4"]
[Round "1"]
[White "mdfran72"]
[Black "Ruusgugg"]
[Result "1-0"]
[WhiteElo "1613"]
[BlackElo "1368"]

1. d4 e6 2. e4 f5 3. e5 d6 4. Nf3 a6 5. Nbd2 g5 6. h3 dxe5 7. Nxe5 Qe7 8. Ndc4
b5 9. Na5 Qb4+ 10. Qd2 Qd6 11. b4 Nf6 12. Bb2 f4 13. f3 Nd5 14. c4 Nxb4 15. Be2
bxc4 16. Naxc4 Qd8 17. a3 Nd5 18. O-O g4 19. Nxg4 h5 20. Nge5 Qg5 21. Bc1 Nd7
22. a4 Nxe5 23. Nxe5 Qf6 24. a5 Bb4 25. Qd3 Rg8 26. Kh2 Qg5 27. Rg1 Qg3+ 28. Kh1
Ne3 29. Bxe3 fxe3 30. Qxe3 c5 31. Bf1 cxd4 32. Qxd4 Be1 33. Nd3 Ra7 34. Qxa7 Qd6
35. Qh7 Qf8 36. Nxe1 Rg5 37. Rc1 Bb7 38. Rc7 Rb5 39. Qd7# 1-0

[Event "AUTO-OPEN-4623"]
[Site "http://www.queenalice.com/game.php?id=1865297"]
[Date "2025.11.8"]
[Round "1"]
[White "Ruusgugg"]
[Black "Magnaroc"]
[Result "0-1"]
[WhiteElo "1351"]
[BlackElo "1442"]

1. e4 e5 2. g4 d5 3. exd5 Qxd5 4. f3 Bxg4 5. Bg2 Bh5 6. d3 Nf6 7. c4 Qd7 8. Bg5
Be7 9. Bh3 Qd4 10. Qa4+ Nc6 11. Ne2 Qxb2 12. d4 Qxa1 13. Bf5 Bxf3 14. O-O Bxe2
15. Re1 Qxd4+ 16. Kg2 Qxc4 17. Qxc4 Bxc4 18. Nd2 Bxa2 19. h4 Bd5+ 20. Kf2 Bc5+
21. Kg3 Nh5+ 22. Kg4 Bd6 23. Kxh5 g6+ 24. Kg4 gxf5+ 25. Kxf5 Be6+ 26. Kf6 Be7+
27. Kg7 O-O-O 28. Bxe7 Nxe7 29. Nf3 Ng6 30. h5 Nf4 31. h6 Nd5 32. Rxe5 Rdg8# 0-1